000 01205nam a22002657a 4500
003 OSt
005 20250404082933.0
008 240910b ||||| |||| 00| 0 eng d
040 _c0
082 _aDPer 621.317 Ie21 December 2022 v.37 n. 12 part 1&2.
100 _aPal, Pradipta Kumar.
_eauthor.
_960592
245 _aAn active-neutral-point-clamped switched-capacitor multilevel inverter with quasi-resonant capacitor charging /
_cPradipta Kumar Pal, Kartick Chandra Jana, Yam P. Siwakoti, Saikat Majumdar, and Frede Blaabjerg.
260 _aNew York ;
_bThe Institute of Electrical and Electronics Engineers, Inc.,
_cDecember 2022.
300 _avolume 37,pages 14888-14901,
_billustration.
500 _aIEEE Transactions on Power Electronics, v. 37 n. 12, pages 14888-14901, December 2022.
650 0 _anine-level inverter.
_966161
650 0 _aquasi-resonance.
_966162
650 0 _aswitched capacitor (SC).
_966163
700 _aPal, Pradipta Kumar.
_eauthor.
_960592
700 _aJana, Kartick Chandra
_eauthor.
_960593
700 _aSiwakoti, Yam P.
_eauthor.
_960594
700 _aMajumdar, Saikat.
_eauthor.
_960595
700 _aBlaabjerg, Frede.
_eauthor.
_960596
942 _2ddc
_cPER
999 _c21458
_d21458